000 00386 a2200169 4500
001 189118
020 _a978-85-262-6439-7
040 _cMagnum
100 _aSomper, Justin
240 1 0 _aO segredo da pirĂ¢mide
_lpor
245 1 0 _aO segredo da pirĂ¢mide
300 _a48
362 0 _a2008
440 1 _aScipione
697 _aLITERATURA INFANTO-JUVENIL ESTRANGEIRA
942 _cBK
999 _c189118
_d189118